| 000 | 00544nam a2200217Ia 4500 | ||
|---|---|---|---|
| 003 | GCL | ||
| 008 | 140319s9999 xx 000 0 eng d | ||
| 040 |
_aGCL / _cGCL |
||
| 082 | 0 | 4 |
_a745.2 _bM I |
| 100 | 1 | _aMENDINI, ALESSANDRO | |
| 245 | 1 | 0 |
_aTHE INTERNATIONAL DESIGN YEAR BOOK / _cMENDINI, ALESSANDRO |
| 260 |
_a[S.N] : _bLAURENCE KING ، _c1996 |
||
| 300 | _a240 P | ||
| 650 | 0 | 4 | _aTEXTILE |
| 650 | 0 | 4 | _aDESIGN |
| 650 | 0 | 4 | _aFURNITURE |
| 650 | 0 | 4 | _aINDUSTRIAL DESIGN |
| 650 | 0 | 4 | _aLIGHTING |
| 650 | 0 | 4 | _aTABLEWARE |
| 942 |
_2ddc _cBK |
||
| 999 |
_c13813 _d13813 |
||